| 000 | 01108nam a22002177a 4500 | ||
|---|---|---|---|
| 005 | 20210504103902.0 | ||
| 008 | 210504s1988 pe a|||| |||| 00| 0 spa d | ||
| 020 | _a84-7764-129-3 | ||
| 040 | _cCAAAP | ||
| 050 |
_aFP _b355 D63 |
||
| 245 |
_aDepartamento de San Martín / _c[director, Pedro Felipe Cortázar]. |
||
| 250 | _anueva ed. totalmente act. | ||
| 260 |
_aBarcelona : _bOcéano, _c1988. |
||
| 300 |
_a159, [1] p., [8] p. de láms. : _bil. (algunas col.), mapas, retrs. ; _c21 cm. |
||
| 500 | _aBibliografía:p. [197] | ||
| 521 | _aContiene caracteristicas principales del Dep. de San Martín, aspectos geográficos: el Huallaga central, El Mijano, rutas de acceso-La Marginal de la selva; folklore: techos selvaticos, loslamistas, fiestas típicas, datos históricos: Gran Pajaten, caracteristicas economicas: zonas agricolas, tabaco, coca; sus provincias. | ||
| 651 | 0 |
_92692 _aSan Martín (Perú : Departamento) _xDescripciones y viajes. |
|
| 651 | 0 |
_92693 _aSan Martín (Perú : Departamento) _xHistoria. |
|
| 700 | 1 |
_92694 _aCortázar, Pedro Felipe _edirector |
|
| 942 |
_2lcc _bDD - MM - AA _cBK |
||
| 999 |
_c1203 _d1203 |
||